00692nam a2200181 a 450000100100000000500170001000800410002704000250006808200170009311101260011024500190023626000440025530000210029950000430032004900090036395201210037299900170049300002425620200930022843.0110125s1970 mx r 000 0 spa d aDO-SdBNPbspacBNPHU axxxxxbS456i1 aSeminario del crefal sobre alfabetización funcional en américa latinan(2od1970 Marzo 16 al 25cLima, Perú)94979910aInforme Final. aMichoacán, México :bCREFAL,c1970. a127 p. ;c22 cm. aIncluye notas al pie de las páginas. aBNGR 001054708MOaGRbGRcCTd2011-01-25iLF1l0oxxxxx S456ip24256-10r2020-06-25w2020-06-25y4ZPréstamo en sala c23750d23750